000 00284 a2200109 4500
001 50729
040 _cAnchieta - Pituba
240 1 0 _aEnciclopédia Digital
_l
245 1 0 _aEnciclopédia Digital
650 4 _aObras enciclopédicas gerais de línguas espanhola e portuguesa
942 _cMU
999 _c50729
_d50729